| 000 | 00789cam a22002054a 4500 | ||
|---|---|---|---|
| 005 | 20250605164001.0 | ||
| 008 | 250528s ||||||||||||||||||||||||d | ||
| 035 | _a15641 | ||
| 020 | _a201428793 | ||
| 040 |
_aGR-AtMCL _bgre _dGR-AtMCL _eAACR2 |
||
| 245 | 1 | _aOperations Management / Producing Goods and Services | |
| 250 | _a1st | ||
| 260 |
_bAddison-Wesley, _c1996 |
||
| 300 | _a706 | ||
| 520 | _aThis book successfully highlights the vital contribution that operations managers make to the long-term success of an organization. Introducing Operations Management, Planning the Product, Decisions about the Process, Planning and Scheduling Resources, Materials Management, Appendices, Index. | ||
| 700 | 1 |
_aWaters Donald _91167 |
|
| 942 | _cBK | ||
| 999 |
_c1206 _d1206 |
||